<?xml version="1.0" encoding="utf-8"?>
<?xml-stylesheet type='text/xsl' href='./oai2.xsl'?>
<OAI-PMH xmlns="http://www.openarchives.org/OAI/2.0/" xmlns:xsi="http://www.w3.org/2001/XMLSchema-instance" xsi:schemaLocation="http://www.openarchives.org/OAI/2.0/ http://www.openarchives.org/OAI/2.0/OAI-PMH.xsd">
  <responseDate>2026-06-06T12:01:34Z</responseDate>
  <request verb="GetRecord" metadataPrefix="marcxml" identifier="record_kuniweb_2529239">https://kulturerbe.niedersachsen.de/oai</request>
  <GetRecord>
    <record>
      <header>
        <identifier>record_kuniweb_2529239</identifier>
        <datestamp>2025-08-28T09:38:22Z</datestamp>
        <setSpec>slg0284</setSpec>
      </header>
      <metadata>
        <marc:record xmlns:marc="http://www.loc.gov/MARC21/slim" xsi:schemaLocation="http://www.loc.gov/MARC21/slim http://www.loc.gov/standards/marcxml/schema/MARC21slim.xsd">
          <marc:leader>12345nkm  22     uu 4500</marc:leader>
          <marc:controlfield tag="001">2529239</marc:controlfield>
          <marc:controlfield tag="003">http://kuniweb.gbv.de</marc:controlfield>
          <marc:controlfield tag="005">2024-11-27T19:30:38</marc:controlfield>
          <marc:controlfield tag="008">|           ||||||||||||||||||||||</marc:controlfield>
          <marc:datafield tag="245" ind1="1" ind2="0">
            <marc:subfield code="a">Musterblatt Tafel 38 mit unterschiedlichen Objekten</marc:subfield>
          </marc:datafield>
          <marc:datafield tag="655" ind1=" " ind2="7">
            <marc:subfield code="a">Grafik</marc:subfield>
          </marc:datafield>
          <marc:datafield tag="046" ind1=" " ind2=" ">
            <marc:subfield code="k">1860</marc:subfield>
            <marc:subfield code="k">Das Musterblatt ist wahrscheinlich zwischen 1860 und 1870 hergestellt worden, vor der metrischen Reform</marc:subfield>
            <marc:subfield code="l">1870</marc:subfield>
          </marc:datafield>
          <marc:datafield tag="260" ind1=" " ind2=" ">
            <marc:subfield code="g">1860</marc:subfield>
            <marc:subfield code="g">1870</marc:subfield>
            <marc:subfield code="g">Das Musterblatt ist wahrscheinlich zwischen 1860 und 1870 hergestellt worden, vor der metrischen Reform</marc:subfield>
          </marc:datafield>
          <marc:datafield tag="520" ind1=" " ind2=" ">
            <marc:subfield code="a">Die Musterblätter – vier verschiedene Kategorien, genannt Abteilungen (Abt.) - hatten ein Format von etwa DIN A4, waren überwiegend in schwarz-weiß gedruckt und dienten der Präsentation des jeweiligen Objekts zu Verkaufszwecken. (Förderkreis Königshütte Bad Lauterberg e.V.)

Aufdruck:
Abt. III Tafel 38 Verschiedenes No 1. u. 2. Bettstelle; Gewicht 115 Pfund, No 3. Seifenkessel mit Stulp, 11 Fuss im Durchmesser, Gewicht 8000 Pfund No 4. Großer Kessel; 3½ Fuss im Durchmesser; Gewicht 13000 bis 1400 Pfund No 5. Pferderaufe; Gewicht 36 Pfund No 6. Platte mit Kranz, hinter Schießscheiben zum Auffangen des Bleies; Gewicht 100 – 300 Pfund No 7. u. 8. Schießscheiben; die größere Sorte, auf einer Seite schlicht, wiegt á Stück 100 – 250 Pfund, die kleinere, auf beiden Seiten schlicht, 20 – 200 Pfund No 9. schlichter Amboss; Gewicht 275 Pfund No 10. Amboss mit Gesenken; Gewicht 325 Pfund No 11. Wagenbüchsen. mit und ohne Schnecken. Große Sorte wiegt 20 – 30 Pfund; Mittelsorte 10 - 19 Pfund; kleine Sorte 4 – 9 Pfund; werden roh und ausgebohrt geliefert No 12. Oelstempelschuh; Gewicht 7 Pfund No 13. u. 14. Pflugeisen; Gewicht 5 - 7 Pfund No 15. Plättefuss; Gewicht 2½ Pfund No 16. Pillenmaschine; Gewicht 3 Pfund No 17. Dachgerenne; das dargestellte Stück ist 5 Fuss lang, 6½ Zoll weit, 3½ Zoll tief und wiegt 28 Pfund No 18. Kanone; Gewicht 750 – 800 Pfund No 19. Ovale Gasretorte; Gewicht 700 – 750 Pfund Guss und Verkauf von No 1-3 zu ROTHEHÜTTE, von No. 4-8, 11, 18 und 19 zu KÖNIGSHÜTTE, von 9, 10, 12-14 zu ALTENAUER UND LERBACHER HÜTTE

Verwendungszweck:
entspricht einem heutigen Verkaufskatalog

Literatur in Zusammenhang:
https://www.wortbedeutung.info/Druckpapier https://www.onlineprinters.de/magazin/lithographie Der eiserne Harz – Harzer Eisenkunstguss des 19. Jahrhunderts, Edition Schloss Wernigerode, Band 14, 2010 - Herausgeber: Christian Juranek und Wilhelm Marbach, Verlag Janos Stekovics, Dößel (Saalekreis https://de.wikisource.org/wiki/Der_ehemalige_Eisensteins-Bergbau_bei_Lerbach</marc:subfield>
          </marc:datafield>
          <marc:datafield tag="650" ind1="1" ind2=" ">
            <marc:subfield code="a">Musterblatt</marc:subfield>
          </marc:datafield>
          <marc:datafield tag="650" ind1="1" ind2=" ">
            <marc:subfield code="a">Amboss</marc:subfield>
          </marc:datafield>
          <marc:datafield tag="650" ind1="1" ind2=" ">
            <marc:subfield code="a">Futterkrippe</marc:subfield>
          </marc:datafield>
          <marc:datafield tag="650" ind1="1" ind2=" ">
            <marc:subfield code="a">Bett</marc:subfield>
          </marc:datafield>
          <marc:datafield tag="650" ind1="1" ind2=" ">
            <marc:subfield code="a">Grafik, Fotografie &gt; Druckgrafik</marc:subfield>
          </marc:datafield>
          <marc:datafield tag="650" ind1="1" ind2=" ">
            <marc:subfield code="a">Handel</marc:subfield>
          </marc:datafield>
          <marc:datafield tag="773" ind1="0" ind2=" ">
            <marc:subfield code="t">Musterblätter – Verschiedenes</marc:subfield>
          </marc:datafield>
          <marc:datafield tag="852" ind1=" " ind2=" ">
            <marc:subfield code="a">Industriedenkmal Königshütte Bad Lauterberg im Harz</marc:subfield>
          </marc:datafield>
          <marc:datafield tag="852" ind1=" " ind2=" ">
            <marc:subfield code="a">Bad Lauterberg im Harz (Göttingen, Niedersachsen)</marc:subfield>
          </marc:datafield>
          <marc:datafield tag="852" ind1=" " ind2=" ">
            <marc:subfield code="a">Königshütte (Harz) (Oberharz am Brocken, Harz, Sachsen-Anhalt)</marc:subfield>
          </marc:datafield>
          <marc:datafield tag="852" ind1=" " ind2=" ">
            <marc:subfield code="a">Lerbach (Osterode am Harz, Göttingen, Niedersachsen)</marc:subfield>
          </marc:datafield>
          <marc:datafield tag="" ind1=" " ind2=" ">
            <marc:subfield code="a">Namensnennung - Nicht kommerziell - Keine Bearbeitungen 4.0 International (CC BY-NC-ND 4.0)</marc:subfield>
          </marc:datafield>
        </marc:record>
      </metadata>
    </record>
  </GetRecord>
</OAI-PMH>
